| Tag |
First Indicator |
Second Indicator |
Subfields |
| LEADER |
00000cam a2200000 4500 |
| 001 |
in00000284331 |
| 005 |
20151010072842.0 |
| 008 |
700416r19701918nyu b 00100 eng d |
| 010 |
|
|
|a 70112489
|
| 020 |
|
|
|a 0404013961
|
| 035 |
|
|
|a (OCoLC)00064793
|
| 035 |
|
|
|9 ABE9941AM
|
| 040 |
|
|
|a DLC
|c DLC
|d TXA
|d UtOrBLW
|
| 049 |
|
|
|a TXAM
|c [1125526]
|
| 050 |
0 |
0 |
|a BL1566.J8
|b C3 1970
|
| 100 |
1 |
|
|a Carter, George William,
|d 1867-1930.
|
| 245 |
1 |
0 |
|a Zoroastrianism and Judaism /
|c With an introd. by Charles Gray Shaw.
|
| 264 |
|
1 |
|a New York :
|b AMS Press,
|c [1970]
|
| 300 |
|
|
|a 116 pages ;
|c 23 cm.
|
| 336 |
|
|
|a text
|b txt
|2 rdacontent
|
| 337 |
|
|
|a unmediated
|b n
|2 rdamedia
|
| 338 |
|
|
|a volume
|b nc
|2 rdacarrier
|
| 500 |
|
|
|a Reprint of the 1918 edition.
|
| 504 |
|
|
|a Bibliography: pages 107-114.
|
| 650 |
|
0 |
|a Zoroastrianism
|x Relations
|x Judaism.
|
| 650 |
|
0 |
|a Judaism
|x Relations
|x Zoroastrianism.
|
| 999 |
|
|
|a MARS
|
| 999 |
f |
f |
|s 2d0c07a7-0d8b-34a3-b71a-d485335b0482
|i 0be7fe08-5264-3753-9512-188c46b16762
|t 0
|
| 952 |
f |
f |
|p normal
|a Texas A&M University
|b College Station
|c Sterling C. Evans Library
|s Evans stk
|d Evans: Library Stacks
|t 0
|e BL1566.J8 C3 1970
|h Library of Congress classification
|i unmediated -- volume
|m A14801744303
|
| 998 |
f |
f |
|a BL1566.J8 C3 1970
|t 0
|l Evans: Library Stacks
|